000 00697nam a2200217Ia 4500
003 GCL
008 140319s9999 xx 000 0 ara d
040 _aGCL /
_cGCL
082 0 4 _aد
_b378.12
_bر ا
100 1 _aرياض الصمد
245 1 0 _aالاستاذ الجامعى والتفرغ /
_cرياض الصمد
260 _a[S.N] :
_bالمؤسسة الجامعية للدراسات والنشر والتوزيع ،
_c1981
300 _a63 ص
490 _aسلسلة بحوث العالم التركى
_v0
650 0 4 _aالتعليم
650 0 4 _aالتعليم العالى
650 0 4 _aالجامعة
650 0 4 _aتفرغ
650 0 4 _aالمدرسون
942 _2ddc
_cCF
999 _c27455
_d27455